000 00550nam a2200229Ia 4500
003 OSt
005 20221007082336.0
006 a|||||r|||| 00| 0
007 ta
008 221006b |||||||| |||| 00| 0 eng d
024 _a3,172
037 _cTextual
040 _aFLL
_cFLL
_beng
041 _2eng
_aeng
082 _aZ2,2,4, L8
100 _aSen G.M. Au.
245 0 _aTransfer of property
260 _c1978
650 _aProperty law
_9683450
942 _hZ2,2,4, L8
_cTEXL
_2CC
999 _c1166121
_d1166121